| 000 | 00329 a2200133 4500 | ||
|---|---|---|---|
| 040 |
_aDLC _bDLC |
||
| 082 | _a 297.1225 | ||
| 100 | _aTalib Johri | ||
| 245 |
_aAhsenal Hadees _cTalib Johri _h[Urdu] |
||
| 260 |
_aLahore: _bNisar Art Press, _c1996. |
||
| 300 |
_a387 p. ; _c25 cm. |
||
| 650 | _aHadith. | ||
| 942 |
_cBK _k 297.1225 TAL _2ddc |
||
| 999 |
_c7343 _d7343 |
||